LEADER 01414nam a2200301 4500 001 000000332754 003 CaOOAMICUS 005 20190404152918.0 008 190312s2018 it 000 u ita r 020 $a978-88-922-1641-9 040 $aSeMil$bita 100 1 $aLolli, Alberto,$d<1975- >.$0(OLS)http://semarc/name/109122 245 13$aLa sfida dell'unicità :$bcome diventare ciò che si è /$cAlberto Lolli, Sergio Massironi, Silvano Petrosino. 264 1$aCinisello Balsamo :$bSan Paolo,$c2018. 300 $a287 p. ;$c19 cm 541 1 $aFondo Mons. Mario Delpini 650 4$aIdentità - Psicologia.$0(OLS)http://semarc/subject/7221 650 4$aIdentità - Filosofia.$0(OLS)http://semarc/subject/8015 650 4$aPersona - Sviluppo psicologico.$0(OLS)http://semarc/subject/20325 700 1 $aPetrosino, Silvano,$d<1955- >,$ecollaboratore.$0(OLS)http://semarc/name/20343 700 1 $aMassironi, Sergio,$d<1977- >,$ecollaboratore.$0(OLS)http://semarc/name/109123 850 $aSeMil 852 $aSeMil$W1$xVenegono$y1$m2Q I 137$j211981$B225457$CSeMilBibl$Z2$F225457 $81 941 1 $a7 996 $6020$a978-88-922-1641-9$9(OLS)http://semarc/number/286729 996 $6245$aLa sfida dell'unicità :$bcome diventare ciò che si è$9(OLS)http://semarc/title/421820 996 $6264$aCinisello Balsamo :$bSan Paolo$9(OLS)http://semarc/publisher/30129 LEADER 00987nam a2200241 i 4500 001 000000072203 003 CaOOAMICUS 005 20181025121439.0 008 090220s1977 it u000 u ita u 013 $a43375 040 $aSeMil$bita 100 1 $aCristaldi, Giuseppe,$d<1918-1998>.$0(OLS)http://semarc/name/17051 245 10$aAntonio Rosmini e il pensare cristiano /$cGiuseppe Cristaldi. 260 $aMilano :$bVita e Pensiero,$c[1977] 300 $a233 p. ;$c24 cm. 490 0 $aCorsi universitari [Vita e pensiero] 600 14$aRosmini Serbati, Antonio .$0(OLS)http://semarc/subject/791 830 0$aCorsi universitari.$0(OLS)http://semarc/title/419511 850 $aSeMil 852 $aSeMil$W1$xVenegono$y1$m2P V 432$j38356$B38356$CSeMilBibl$Z2$F38359 $81 996 $6245$aAntonio Rosmini e il pensare cristiano$9(OLS)http://semarc/title/116342 996 $6260$aMilano :$bVita e Pensiero$9(OLS)http://semarc/publisher/29642